header

Puccini's Il trittico (Record no. 45767)

MARC details
000 -LEADER
fixed length control field 01435nam a2200373Ia 4500
082 04 - DEWEY DECIMAL CLASSIFICATION NUMBER
Classification number 782.1/02868
100 1# - MAIN ENTRY--AUTHOR NAME
Personal name Puccini, Giacomo,
245 10 - TITLE STATEMENT
Title Puccini's Il trittico
260 ## - PUBLICATION, DISTRIBUTION, ETC. (IMPRINT)
Place of publication Coral Gables, Fla. :
Name of publisher Opera Journeys,
Year of publication c2002.
300 ## - PHYSICAL DESCRIPTION
Number of Pages 151 p. :
Other physical details music.
490 1# - SERIES STATEMENT
Series statement Opera classics library
650 #0 - SUBJECT ADDED ENTRY--TOPICAL TERM
Topical Term Operas
700 1# - ADDED ENTRY--PERSONAL NAME
Personal name Fisher, Burton D.
856 40 - ELECTRONIC LOCATION AND ACCESS
Uniform Resource Identifier http://site.ebrary.com/lib/rucke/Doc?id=10075758

No items available.

© 2026 Rongo University
Contact us: librarian | system librarian | Rongo university